Importing democracy : (Record no. 6173)
[ view plain ]
| 000 -LEADER | |
|---|---|
| fixed length control field | 01199cam a2200289 i 4500 |
| 005 - DATE AND TIME OF LATEST TRANSACTION | |
| control field | 20260311174245.0 |
| 008 - FIXED-LENGTH DATA ELEMENTS--GENERAL INFORMATION | |
| fixed length control field | 121107s2013 ohu b 000 0 eng |
| 020 ## - INTERNATIONAL STANDARD BOOK NUMBER | |
| International Standard Book Number | 9780923993474 |
| 040 ## - CATALOGING SOURCE | |
| Original cataloging agency | KABLIB |
| Language of cataloging | eng |
| Description conventions | rda |
| Transcribing agency | KABLIB |
| 082 ## - DEWEY DECIMAL CLASSIFICATION NUMBER | |
| Edition number | 23 |
| Classification number | 321.8 |
| Item number | FIS |
| 100 1# - MAIN ENTRY--PERSONAL NAME | |
| Personal name | Fisher, Julie, |
| Dates associated with a name | 1941- |
| 9 (RLIN) | 15684 |
| 245 10 - TITLE STATEMENT | |
| Title | Importing democracy : |
| Remainder of title | the role of NGOs in South Africa, Tajikistan, & Argentina / |
| Statement of responsibility, etc. | Julie Fisher. |
| 250 ## - EDITION STATEMENT | |
| Edition statement | 1st ed. |
| 260 ## - PUBLICATION, DISTRIBUTION, ETC. | |
| Place of publication, distribution, etc. | Dayton, Ohio : |
| Name of publisher, distributor, etc. | Kettering Foundation Press, |
| Date of publication, distribution, etc. | c2013. |
| 300 ## - PHYSICAL DESCRIPTION | |
| Extent | x, 394 p. ; |
| Dimensions | 23 cm |
| 504 ## - BIBLIOGRAPHY, ETC. NOTE | |
| Bibliography, etc. note | Includes bibliographical references (pages 354-394). |
| 650 #0 - SUBJECT ADDED ENTRY--TOPICAL TERM | |
| Topical term or geographic name entry element | Democratization |
| Form subdivision | Case studies. |
| 9 (RLIN) | 15685 |
| 650 #0 - SUBJECT ADDED ENTRY--TOPICAL TERM | |
| Topical term or geographic name entry element | Democratization |
| Geographic subdivision | South Africa. |
| 9 (RLIN) | 15686 |
| 650 #0 - SUBJECT ADDED ENTRY--TOPICAL TERM | |
| Topical term or geographic name entry element | Democratization |
| Geographic subdivision | Tajikistan. |
| 9 (RLIN) | 15687 |
| 650 #0 - SUBJECT ADDED ENTRY--TOPICAL TERM | |
| Topical term or geographic name entry element | Democratization |
| Geographic subdivision | Argentina. |
| 9 (RLIN) | 15688 |
| 650 #0 - SUBJECT ADDED ENTRY--TOPICAL TERM | |
| Topical term or geographic name entry element | Non-governmental organizations |
| Form subdivision | Case studies. |
| 9 (RLIN) | 15689 |
| 650 #0 - SUBJECT ADDED ENTRY--TOPICAL TERM | |
| Topical term or geographic name entry element | Non-governmental organizations |
| Geographic subdivision | South Africa. |
| 9 (RLIN) | 15690 |
| 650 #0 - SUBJECT ADDED ENTRY--TOPICAL TERM | |
| Topical term or geographic name entry element | Non-governmental organizations |
| Geographic subdivision | Tajikistan. |
| 9 (RLIN) | 15691 |
| 650 #0 - SUBJECT ADDED ENTRY--TOPICAL TERM | |
| Topical term or geographic name entry element | Non-governmental organizations |
| Geographic subdivision | Argentina. |
| 9 (RLIN) | 15692 |
| 655 #7 - INDEX TERM--GENRE/FORM | |
| Genre/form data or focus term | Case studies. |
| Source of term | lcgft |
| Authority record control number or standard number | https://id.loc.gov/authorities/genreForms/gf2017026140 |
| 9 (RLIN) | 3979 |
| 942 ## - ADDED ENTRY ELEMENTS (KOHA) | |
| Source of classification or shelving scheme | Dewey Decimal Classification |
| Koha item type | Book |
| Withdrawn status | Lost status | Source of classification or shelving scheme | Damaged status | Not for loan | Home library | Current library | Shelving location | Date acquired | Source of acquisition | Total Checkouts | Full call number | Barcode | Date last seen | Price effective from | Koha item type |
|---|---|---|---|---|---|---|---|---|---|---|---|---|---|---|---|
| Dewey Decimal Classification | Mukombe Library | Mukombe Library | Open Access Section | 11.03.2026 | Donated | 321.8 FIS | 14604 | 11.03.2026 | 11.03.2026 | Book |